| 000 | 01071nam a2200313Ia 4500 | ||
|---|---|---|---|
| 003 | OSt | ||
| 005 | 20251113100113.0 | ||
| 008 | 210210b2013 xxu||||| |||| 00| 0 eng d | ||
| 020 | _a8126041099 | ||
| 040 | _cAL | ||
| 041 | _aKannada | ||
| 082 | _aK894.9 NARS | ||
| 100 |
_aNARANG (Gopichand) _dನಾರಂಗ್ (ಗೋಪಿಚಂದ್) _9245324 |
||
| 245 |
_aSamrachanavada, samrachanottaravada hagu prachya kavyamimamse _bಸಂರಚನವಾದ, ಸಂರಚನೋತ್ತರವಾದ ಹಾಗೂ ಪ್ರಾಚ್ಯಕಾವ್ಯ ಮೀಮಾಂಸೆ |
||
| 260 |
_aNavadehali _bSahity Akademi _c2013 |
||
| 300 | _axxvii,500 | ||
| 650 |
_aTr _9245325 |
||
| 650 |
_aTippesvami _9245326 |
||
| 650 |
_asamrachanottaravada _9245327 |
||
| 650 |
_aSamrachanavada, _9245328 |
||
| 650 |
_aprachya _9245329 |
||
| 650 |
_akavyamimamse _9245330 |
||
| 650 |
_ahagu _9245331 |
||
| 650 |
_aby _9245332 |
||
| 690 |
_aKannada Criticism _9245333 |
||
| 700 |
_aTippesvami _dತಿಪ್ಪೇಸ್ವಾಮಿ tr _9245334 |
||
| 906 | _a072038 | ||
| 942 |
_2ddc _cBK |
||
| 999 |
_c122125 _d122125 |
||